<?xml version="1.0" encoding="UTF-8"?>
<record
    xmlns:xsi="http://www.w3.org/2001/XMLSchema-instance"
    xsi:schemaLocation="http://www.loc.gov/MARC21/slim http://www.loc.gov/standards/marcxml/schema/MARC21slim.xsd"
    xmlns="http://www.loc.gov/MARC21/slim">

  <leader>00863    a2200217   4500</leader>
  <controlfield tag="003">UA-OsUOA</controlfield>
  <controlfield tag="005">20260429123923.0</controlfield>
  <controlfield tag="008">260429b        un ||||| |||| 00| 0 ukr d</controlfield>
  <datafield tag="040" ind1=" " ind2=" ">
    <subfield code="a">UA-OsUOA</subfield>
    <subfield code="b">ukr</subfield>
    <subfield code="c">UA-OsUOA</subfield>
    <subfield code="d">UA-OsUOA</subfield>
  </datafield>
  <datafield tag="041" ind1=" " ind2=" ">
    <subfield code="a">ukr</subfield>
  </datafield>
  <datafield tag="080" ind1=" " ind2=" ">
    <subfield code="a">82-32</subfield>
  </datafield>
  <datafield tag="090" ind1=" " ind2=" ">
    <subfield code="a">82-32</subfield>
    <subfield code="b">&#x41F;49</subfield>
  </datafield>
  <datafield tag="100" ind1=" " ind2=" ">
    <subfield code="a">&#x41F;&#x43E;&#x43B;&#x442;&#x430;&#x432;&#x430; &#x41B;.</subfield>
    <subfield code="9">25123</subfield>
  </datafield>
  <datafield tag="245" ind1=" " ind2=" ">
    <subfield code="a">&#x41C;&#x430;&#x43B;&#x435;&#x43D;&#x44C;&#x43A;&#x438;&#x439; &#x434;&#x437;&#x432;&#x43E;&#x43D;&#x430;&#x440; &#x456;&#x437; &#x41A;&#x43E;&#x43D;&#x43E;&#x442;&#x43E;&#x43F;&#x443;</subfield>
    <subfield code="b">&#x456;&#x441;&#x442;&#x43E;&#x440;&#x438;&#x447;&#x43D;&#x456; &#x43E;&#x43F;&#x43E;&#x432;&#x456;&#x434;&#x430;&#x43D;&#x43D;&#x44F;</subfield>
    <subfield code="c">&#x41B;&#x435;&#x43E;&#x43D;&#x456;&#x434; &#x41F;&#x43E;&#x43B;&#x442;&#x430;&#x432;&#x430;</subfield>
  </datafield>
  <datafield tag="260" ind1=" " ind2=" ">
    <subfield code="b">&#x41E;&#x431;'&#x454;&#x434;&#x43D;&#x430;&#x43D;&#x43D;&#x44F; &#x41F;&#x440;&#x430;&#x446;&#x456;&#x432;&#x43D;&#x438;&#x43A;&#x456;&#x432; &#x414;&#x438;&#x442;&#x44F;&#x447;&#x43E;&#x457; &#x41B;&#x456;&#x442;&#x435;&#x440;&#x430;&#x442;&#x443;&#x440;&#x438;</subfield>
    <subfield code="c">1969</subfield>
    <subfield code="a">&#x422;&#x43E;&#x440;&#x43E;&#x43D;&#x442;&#x43E; ;</subfield>
    <subfield code="a">&#x41D;&#x44C;&#x44E;-&#x419;&#x43E;&#x440;&#x43A;</subfield>
  </datafield>
  <datafield tag="300" ind1=" " ind2=" ">
    <subfield code="a">38 &#x441;.</subfield>
  </datafield>
  <datafield tag="650" ind1=" " ind2=" ">
    <subfield code="2">UDC</subfield>
    <subfield code="a">82 &#x41B;&#x456;&#x442;&#x435;&#x440;&#x430;&#x442;&#x443;&#x440;&#x430;. &#x41B;&#x456;&#x442;&#x435;&#x440;&#x430;&#x442;&#x443;&#x440;&#x43E;&#x437;&#x43D;&#x430;&#x432;&#x441;&#x442;&#x432;&#x43E;</subfield>
    <subfield code="9">15</subfield>
  </datafield>
  <datafield tag="942" ind1=" " ind2=" ">
    <subfield code="c">BR</subfield>
    <subfield code="2">udc</subfield>
  </datafield>
  <datafield tag="955" ind1=" " ind2=" ">
    <subfield code="a">3</subfield>
  </datafield>
  <datafield tag="999" ind1=" " ind2=" ">
    <subfield code="c">580613</subfield>
    <subfield code="d">580613</subfield>
  </datafield>
  <datafield tag="952" ind1=" " ind2=" ">
    <subfield code="0">0</subfield>
    <subfield code="1">0</subfield>
    <subfield code="2">udc</subfield>
    <subfield code="4">0</subfield>
    <subfield code="7">0</subfield>
    <subfield code="8">C_SOKOLYK_BRYZHUN</subfield>
    <subfield code="a">300</subfield>
    <subfield code="b">300</subfield>
    <subfield code="d">2026-04-29</subfield>
    <subfield code="e">&#x2116;12/29.04.2026 (&#x406;&#x414;&#x423;&#x414;)</subfield>
    <subfield code="g">1.00</subfield>
    <subfield code="i">300836</subfield>
    <subfield code="l">0</subfield>
    <subfield code="o">82-32 &#x41F;49</subfield>
    <subfield code="p">300836</subfield>
    <subfield code="r">2026-04-29 12:40:07</subfield>
    <subfield code="v">1.00</subfield>
    <subfield code="w">2026-04-29</subfield>
    <subfield code="y">BR</subfield>
    <subfield code="z">&#x41E;&#x442;&#x440;&#x438;&#x43C;&#x430;&#x43D;&#x43E; &#x432; &#x434;&#x430;&#x440; &#x432;&#x456;&#x434; &#x41E;&#x43A;&#x441;&#x430;&#x43D;&#x438; &#x411;&#x440;&#x438;&#x437;&#x433;&#x443;&#x43D;-&#x421;&#x43E;&#x43A;&#x43E;&#x43B;&#x438;&#x43A;</subfield>
  </datafield>
</record>
